00898nam a2200205Ia 4500008004100000040003800041041000800079084000900087100004400096245017900140260002900319300002700348336002900375337003300404338002800437502010300465942005400568942005500622999001500677250912t1981||||xx |||||||||||||| ||spa|| agtgcuscobspacgtgcuscodgtgcusco aspa aT688 aLópez Carredano, Juio. Ernesto918347 0aEstudio de las técnicas utilizadas por algunos laboratorios dentales en Guatemala para la elaboración de puentes estéticos con resinas acrílicas en coronas y puentes. aGuatemala :bUSAC,c1981 a79 p. :bil. :c27 cm. atextobtxt2rdacontenido aSin mediaciónbn2rdamedio avolumenbnc2rdasoporte aTesis (Cirujano Dentista) -- Universidad de San Carlos de Guatemala, Facultad de Odontología. -- aBiblioteca Facultad de OdontologíacTESISkT688 aODONTObODONTOcTesisi10-H-s.n.oT688pT00000706  c9413d9413